00000000nam##2200000za#4500
0019.569876
003CaOODSP
00520210624181957
007cr |||||||||||
008150406|1992||||xxc|||||o    f|0| 0 eng|d
040 |aCaOODSP|beng
043 |an-cn---
0861 |aNH18-1-2/57-1992E-PDF
1102 |aCanada Mortgage and Housing Corporation.
24510|aNon-profit housing, housing allowances or income assistance : |h[electronic resource]|ba choice among policy instruments / |cby George Fallis.
260 |aOttawa - Ontario : |bCanada Mortgage and Housing Corporation |cJuly 1992.
300 |a152p.|bfigs., graphs, tables
4901 |aResearch report
504 |aBibliography.
546 |a(Sommaire en français.)
590 |a11-25-Supp|b2011-10-31
7201 |aFallis, George
830#0|aResearch report (Canada Mortgage and Housing Corporation : Online)|w(CaOODSP)9.506068
85640|ahttp://publications.gc.ca|qPDF|s1.37 MB|uhttps://publications.gc.ca/collections/collection_2011/schl-cmhc/nh18-1-2/NH18-1-2-57-1992-eng.pdf